000 00336nam a2200133Ia 4500
005 20260328104258.0
008 260328s9999||||xx |||||||||||||| ||und||
100 _aAsensio, Oscar
245 0 _aSpeed Design Brainstorming Books /
_cOscar Asensio
260 _bNumen
300 _a239 p.
650 _aDISEÑO INDUSTRIAL
942 _cBK
999 _c10492
_d10492